000 00455 a2200169 4500
001 066200
003 OSt
005 20210915152454.0
008
082 _a519.5
_bJ78L
100 1 _aJoshi, D.D.
245 1 _aLinear estimation and design of experiments
_cby D.D. Joshi
260 _aNew Delhi
_bNew Age International
_c2009
300 _a288p.
690 _aMathematical statistics; Least squares
942 _2ddc
_cBK
999 _c366
_d366